000 00349nam a22001337a 4500
008 171106b xxu||||| |||| 00| 0 eng d
020 _a9780256069433
041 _aeng
080 _a330.722.6
100 _a62
101 _aKON
245 _aESSENTIALS OF ACCOUNTING FOR GOVERNMENTAL AND NOT-FOR-PROFIT ORGANIZATIONS
_cHAY, L.E
942 _2udc
_cBK
999 _c37924
_d37924